[Event "Novokuznetsk-ch"]
[Site "Novokuznetsk"]
[Date "2014.11.22"]
[Round "2"]
[White "Tresvyatskiy, Kirill"]
[Black "Vysotskaya, Elizaveta"]
[Result "0-1"]
[WhiteElo "1916"]
[BlackElo "1510"]
[PlyCount "128"]
[EventDate "2014.11.16"]
[EventType "swiss"]
[EventRounds "9"]
[EventCountry "RUS"]
[SourceTitle "EXT 2016"]
[Source "ChessBase"]
[SourceDate "2015.10.08"]
[SourceVersion "1"]
[SourceVersionDate "2015.10.08"]
[SourceQuality "1"]

1. d4 d5 2. c4 e6 3. Nf3 c6 4. g3 Nd7 5. Nbd2 f5 6. Bg2 Be7 7. Qc2 Bf6 8. b3 Ne7 9. Bb2 Ng6 10. e3 0-0 11. 0-0 a5 12. a3 Kh8 13. Rac1 Qe7 14. Rfd1 Re8 15. Ne1 Ngf8 16. Nd3 g5 17. Nf3 Ng6 18. Nfe5 Qg7 19. f4 Rg8 20. Qe2 gxf4 21. exf4 Ndxe5 22. dxe5 Be7 23. cxd5 cxd5 24. Rc7 Qf8 25. Rdc1 Qd8 26. Qh5 Rg7 27. Nf2 Bf8 28. R7c2 Bd7 29. Kh1 Bc6 30. Nh3 Be7 31. a4 Qb6 32. Qf3 Rag8 33. Qd3 Qd8 34. Bd4 h6 35. Rxc6 bxc6 36. Rxc6 Nf8 37. Bb6 Qa8 38. Qc2 Bb4 39. Ng1 Qe8 40. Nf3 Ng6 41. Be3 Kh7 42. Nd4 Re7 43. Bh3 Rf8 44. g4 Nh4 45. gxf5 Kg8 46. f6 Rh7 47. Bxe6+ Kh8 48. Bf5 Nxf5 49. Qxf5 Rg8 50. e6 Qg6 51. Qxg6 Rxg6 52. e7 Rg8 53. Nf5 Re8 54. Bd4 Kg8 55. Nd6 Bxd6 56. Rxd6 Kf7 57. Rxd5 Rhh8 58. Kg2 Rc8 59. Rxa5 Rc2+ 60. Kf3 Rxh2 61. Rd5 Rh3+ 62. Ke4 Rxb3 63. a5 Ra3 64. Ke5 Ra2 0-1

[Event "Novokuznetsk SFO-ch U15"]
[Site "Novokuznetsk"]
[Date "2014.11.06"]
[Round "5"]
[White "Smirnov, Roman"]
[Black "Tresvyatskiy, Kirill"]
[Result "1/2-1/2"]
[WhiteElo "800"]
[BlackElo "1916"]
[PlyCount "89"]
[EventDate "2014.11.02"]
[EventType "swiss"]
[EventRounds "9"]
[EventCountry "RUS"]
[SourceTitle "CBM 163 Extra"]
[Source "ChessBase"]
[SourceDate "2014.12.23"]
[SourceVersion "1"]
[SourceVersionDate "2014.12.23"]
[SourceQuality "1"]

1. d4 e6 2. c4 Bb4+ 3. Bd2 Bxd2+ 4. Qxd2 Nf6 5. Nf3 0-0 6. g3 b6 7. Bg2 Bb7 8. 0-0 Qe7 9. Nc3 d6 10. Rac1 a6 11. Rfd1 Nbd7 12. e3 Ne4 13. Nxe4 Bxe4 14. Qe2 e5 15. Nxe5 Bxg2 16. Nxd7 Qe4 17. Nxf8 Bh1 18. Qf1 Rxf8 19. d5 g5 20. Rd4 Qf3 21. h3 c5 22. dxc6 Qxc6 23. Rcd1 Rd8 24. h4 Bf3 25. R1d2 h6 26. Qh3 g4 27. Qf1 f5 28. Qd3 Bh1 29. f4 Qf3 30. Qe2 Qc6 31. Qd1 Bf3 32. Qc2 Be4 33. Qc3 Bh1 34. Rf2 Bf3 35. Rdd2 Kf7 36. Qb3 Ke7 37. Qc3 Kf7 38. b4 b5 39. c5 Be4 40. Qb3+ d5 41. Qc3 Qe8 42. Qa3 Qe6 43. Qc1 Rc8 44. Qd1 Qc6 45. Rd4 1/2-1/2

[Event "Novokuznetsk SFO-ch U15"]
[Site "Novokuznetsk"]
[Date "2014.11.05"]
[Round "4"]
[White "Dambaev, Bilikto"]
[Black "Tresvyatskiy, Kirill"]
[Result "1-0"]
[WhiteElo "1895"]
[BlackElo "1916"]
[PlyCount "117"]
[EventDate "2014.11.02"]
[EventType "swiss"]
[EventRounds "9"]
[EventCountry "RUS"]
[SourceTitle "CBM 163 Extra"]
[Source "ChessBase"]
[SourceDate "2014.12.23"]
[SourceVersion "1"]
[SourceVersionDate "2014.12.23"]
[SourceQuality "1"]

1. e4 c5 2. Nf3 d6 3. d4 cxd4 4. Nxd4 Nf6 5. Nc3 a6 6. h3 e5 7. Nde2 Be7 8. g4 0-0 9. Bg2 Qc7 10. Be3 Be6 11. Ng3 Rd8 12. g5 Ne8 13. Nf5 Bf8 14. Nd5 Qa5+ 15. Bd2 Qb5 16. a4 Qd7 17. Nb6 Qc6 18. Nxa8 Bxf5 19. Qf3 Be6 20. Ba5 b6 21. Nxb6 Qc5 22. Qc3 Nc6 23. Qxc5 dxc5 24. Bc3 Nd4 25. Bxd4 cxd4 26. 0-0 Nc7 27. a5 Be7 28. h4 h6 29. gxh6 gxh6 30. h5 Bg4 31. f4 Be2 32. Rfe1 Bxh5 33. Nd5 Nxd5 34. exd5 Bc5 35. Rxe5 d3+ 36. Kh1 dxc2 37. Rxh5 Be3 38. Be4 c1Q+ 39. Rxc1 Bxc1 40. Rxh6 Bxb2 41. Rxa6 Bc1 42. f5 Re8 43. Bf3 Bd2 44. Ra7 Rd8 45. Bh5 Rf8 46. a6 Be3 47. Re7 Bc5 48. Rc7 Bd4 49. d6 Be5 50. Rxf7 Ra8 51. d7 Bc7 52. Rf6 Kg7 53. Re6 Rh8 54. Rg6+ Kf8 55. Rg5 Ke7 56. Rg7+ Kd6 57. Kg2 Rxh5 58. d8Q+ Bxd8 59. a7 1-0

[Event "Novokuznetsk-ch"]
[Site "Novokuznetsk"]
[Date "2013.12.14"]
[Round "8"]
[White "Guliashvili, Liana"]
[Black "Tresvyatskiy, Kirill"]
[Result "1-0"]
[WhiteElo "2008"]
[BlackElo "1975"]
[PlyCount "101"]
[EventDate "2013.11.17"]
[EventType "swiss"]
[EventRounds "9"]
[EventCountry "RUS"]
[SourceTitle "EXT 2015"]
[Source "ChessBase"]
[SourceDate "2014.11.20"]
[SourceVersion "1"]
[SourceVersionDate "2014.11.20"]
[SourceQuality "1"]

1. c4 e5 2. Nc3 Nf6 3. g3 d5 4. cxd5 Nxd5 5. Bg2 Nb6 6. Nf3 Nc6 7. 0-0 Be7 8. b3 f6 9. Bb2 0-0 10. d3 Be6 11. Qd2 Qd7 12. Rad1 Rfd8 13. Qc1 a5 14. e3 Qc8 15. Ba3 a4 16. Bxe7 Nxe7 17. b4 a3 18. Ne1 Nbd5 19. Nxd5 Nxd5 20. Bxd5 Bxd5 21. Qc2 Qe6 22. Ra1 f5 23. f3 Rd6 24. e4 Bc6 25. Qc5 Rd4 26. Qc3 fxe4 27. fxe4 Qd6 28. b5 Bd7 29. Rd1 Qb6 30. Kh1 Bxb5 31. Nf3 Rd6 32. Nxe5 Bd7 33. Rf7 Be6 34. Rxc7 Rf8 35. Ng6 Rf7 36. Rxf7 Bxf7 37. Ne7+ Kh8 38. Nf5 Rf6 39. Qc8+ Bg8 40. Ne7 Qe6 41. Qxg8+ Qxg8 42. Nxg8 Kxg8 43. Kg2 Rb6 44. Kf3 Rb2 45. Ra1 Rxh2 46. Rc1 b5 47. Rc8+ Kf7 48. Rc7+ Kf6 49. Rc6+ Ke5 50. Ke3 b4 51. d4# 1-0